| Поле | Название | Значение |
| |
Тип записи |
a |
| |
Библиографический уровень |
m |
| 001 |
Контрольный номер |
RU/SLIB/B/208707499 |
| 005 |
Дата корректировки |
20201206203856.5 |
| 010 |
Индекс ISBN |
__ |
| d |
Цена |
20-00 |
| 101 |
Язык документа |
__ |
| a |
Язык текста |
rus |
| c |
Язык оригинала |
rus |
| 200 |
Заглавие и сведения об ответственности |
0_ |
| a |
Заглавие |
Историки-международники |
| f |
Первые сведения об ответственности |
редкол.: А. В. Торкунов (отв. ред.) [и др.] |
| b |
Общее обозначение материала |
Текст |
| 210 |
Выходные данные |
__ |
| a |
Место издания |
М. |
| c |
Издательство |
МГИМО (У) МИД РФ |
| d |
Дата издания |
1999 |
| 215 |
Физическое описание |
__ |
| a |
Объем |
244 с. |
| c |
Иллюстрации/тип воспроизводства |
ил. |
| 225 |
Серия |
__ |
| a |
Серия |
Из истории института |
| 461 |
Уровень набора |
__ |
| 1 |
|
2001 |
| a |
|
Птенцы гнезда МГИМО'ва (Пятьдесят лет спустя), 1949-1999: Второй выпуск института |
| v |
|
Т. 1 |
| 606 |
Тематические рубрики |
__ |
| a |
Основная рубрика |
История |
| z |
Хронологическая подрубрика |
1949-1999 гг.; 20 в. |
| y |
Географическая подрубрика |
Россия |
| 606 |
Тематические рубрики |
__ |
| a |
Основная рубрика |
История России и СССР (октябрь 1917 - 1991 г.) |
| 610 |
Ключевые слова |
__ |
| a |
Ключевые слова |
персоналии; международные отношения; образовательные учреждения; выпускники вузов; МГИМО; дипломаты; историки |
| 686 |
Индексы других классификаций |
__ |
| 2 |
Код системы |
rubbks |
| a |
Классификационный индекс |
63.3(2)63-6 |
| 702 |
Вторичная интеллектуальная ответственность |
_1 |
| a |
Фамилия |
Торкунов |
| b |
Имя |
А. В. |
| 4 |
Код отношения |
Главный редактор |
| 4 |
Код отношения |
651 |
| 801 |
Источник записи |
_0 |
| a |
Страна |
RU |
| b |
Организация |
Муниципальное бюджетное учреждение культуры "Централизованная библиотечная система" г. Сургут (Центральная городская библиотека им. А. С. Пушкина) |
| g |
Правила каталогизации |
ОБ/Бутенко |
| 801 |
Источник записи |
_1 |
| a |
Страна |
RU |
| b |
Организация |
Муниципальное бюджетное учреждение культуры "Централизованная библиотечная система" г. Сургут (Центральная городская библиотека им. А. С. Пушкина) |
| g |
Правила каталогизации |
ОБ/Бутенко |
| 852 |
Данные о местонахождении |
__ |
| j |
Шифр хранения |
63.3(2)63-6 |
| c |
Каталожный индекс |
63.3(2)63-6 |
| i |
Авторский знак |
П 87 |
| p |
Инвентарный номер |
74054 |
| 901 |
Тип документа |
__ |
| t |
Тип документа |
m |
| 903 |
Характеристики (МАРС) |
__ |
| a |
Дата передачи |
19991225 |
| 990 |
Данные о заказе (DOS) |
00 |
| j |
Количество экземпляров (DOS) |
1 |
| t |
N записи в КСУ для И/У (DOS) |
200001 |